000 00669cam a22002411 4500
001 g 01002634
003 DLC
005 20260227111258.0
008 901106s1897 gw 000 0 ger
010 _ag 01002634
035 _a(OCoLC)22635487
040 _aDLC
_cCSt
_dDLC
042 _apremarc
050 0 0 _aPF3221
_b.R3
100 1 _aRausch, Georg.
245 0 0 _aZur Geschichte des deutschen genetivs seit der mittelhochdeutschen Zeit.
260 _aDarmstadt,
_bG. Otto,
_c1897.
300 _avi, 103, [1] p.
_c24 cm.
502 _aInaug.-Diss.--Giessen.
500 _aVita.
650 0 _aGerman language
_xSyntax.
650 0 _aGerman language
_xHistory.
999 _c24028
_d24028